Visual perception problems in children with AD/HD, autism, and other learning disabilities : (Record no. 8991)

MARC details
000 -LEADER
fixed length control field 00862nam a22002412 4500
001 - CONTROL NUMBER
control field 0000019537
005 - DATE AND TIME OF LATEST TRANSACTION
control field 20151217152156.0
008 - FIXED-LENGTH DATA ELEMENTS--GENERAL INFORMATION
fixed length control field 110106s xx 000 0 eng d
020 ## - INTERNATIONAL STANDARD BOOK NUMBER
International Standard Book Number 1843108269 :
040 ## - CATALOGING SOURCE
Original cataloging agency KABU
Transcribing agency KABU
100 1# - MAIN ENTRY--PERSONAL NAME
Personal name Kurtz, Lisa A.
-- 0000179283
245 10 - TITLE STATEMENT
Title Visual perception problems in children with AD/HD, autism, and other learning disabilities :
Remainder of title a guide for parents and professionals /
Statement of responsibility, etc. Lisa A. Kurtz.
250 ## - EDITION STATEMENT
Edition statement 1st ed.
260 ## - PUBLICATION, DISTRIBUTION, ETC. (IMPRINT)
Place of publication, distribution, etc. London :
Name of publisher, distributor, etc. Jessica Kingsley,
Date of publication, distribution, etc. 2006.
300 ## - PHYSICAL DESCRIPTION
Extent 108 p.
650 #0 - SUBJECT ADDED ENTRY--TOPICAL TERM
Topical term or geographic name as entry element Attention deficit hyperactivity disorder.
-- 0000179284
650 #0 - SUBJECT ADDED ENTRY--TOPICAL TERM
Topical term or geographic name as entry element Autism.
-- 0000179285
650 #0 - SUBJECT ADDED ENTRY--TOPICAL TERM
Topical term or geographic name as entry element Autism in children.
-- 0000179259
852 1# - LOCATION
-- p1985 KES
852 1# - LOCATION
-- p1985 KES
908 ## - PUT COMMAND PARAMETER (RLIN)
Put command parameter 110106
950 ## - LOCAL HOLDINGS (RLIN)
-- 1
Holdings
Withdrawn status Lost status Source of classification or shelving scheme Not for loan Home library Current library Date acquired Total Checkouts Full call number Barcode Date last seen Price effective from Koha item type
    Library of Congress Classification   Kabarak, Main Campus Kabarak, Main Campus 17/12/2015   RJ506 .H9K87 2006 c. 1 23003 17/12/2015 17/12/2015 General Collection
    Library of Congress Classification   Kabarak, Main Campus Kabarak, Main Campus 17/12/2015   RJ506 .H9K87 2006 c. 2 22985 17/12/2015 17/12/2015 General Collection
Designed with assistance from East African Informatics Ltd